Eu bem vi nascer o sol (Registo nº 3672)

Detalhes MARC
000 -Etiqueta do registo
Cabeçalho 00770nam a2200253 4500
005 - Identificador da versão
Campo de controlo 20240813122039.0
095 ## -
-- PTBN00684914
010 ## - Número internacional normalizado dos livros (ISBN)
Número (ISBN) 9722109421
021 ## - Número do Depósito Legal
Código do país PT
Número 78454/94
100 ## - Dados gerais de processamento
Dados gerais de processamento 19950117d1994 a y0pory5003 ba
102 ## - Pais de publicação ou produção
País de publicação Portugal
101 0# - Língua de publicação
Língua do texto, banda sonora, etc. Português
215 ## - Descrição física 
Indicação específica da natureza do documento e extensão da espécie 160 p.
Outras indicações físicas il.
Dimensões 25 cm
200 1# - Titulo e menção de responsabilidade
Título próprio Eu bem vi nascer o sol
Informação de outro título antologia da poesia popular portuguesa
Primeira menção de responsabilidade org. Alice Vieira
Outras menções de responsabilidade il. Catarina Fonseca
210 ## - Publicação, Distribuição, etc. 
Lugar da edição, distribuição, etc. Lisboa
Nome do editor, distribuidor, etc. Caminho
Data da publicação, distribuição, etc. [1994?]
Data da impressão imp. 1994
606 ## - Nome comum usado como assunto
Número de registo de entrada de autoridade 0001358
Palavra de ordem Literatura portuguesa
Subdivisão de assunto Poesia
Código do sistema CA
675 ## - Classificação Decimal Universal (CDU)
Notação 821.134.3-1
Edição 3ª ed.
Língua da edição por
702 #1 - Nome de autor-pessoa física (responsabilidade secundária)
Número de registo de entrada de autoridade 0000018
Palavra de ordem Vieira
Outra parte do nome não tomada para palavra de ordem Alice
Datas 1943-
Código de função Compilador
Número de registo de entrada de autoridade 0000023
Palavra de ordem Fonseca
Outra parte do nome não tomada para palavra de ordem Catarina
Datas 1970-
Código de função Ilustrador / Técnico de desenho computorizado
942 ## - Elementos de entrada adicionados (Koha)
Tipo de item no Koha Livro
Exemplares
Situação do levantamento Origin of item (home branch) (coded) Biblioteca de empréstimo Código de barras Cota Circulation type (not for loan) Tipo de documento Nota do exemplar Damaged status
  Biblioteca Escolar das Vendas Biblioteca Escolar das Vendas BEV539 8 POR VIE   Livro Sem mensagem